Tina Arena - Aimer jusqu'à l'impossible - Statistiques

Statistiques générales
  • Ce quiz a été pris 49 fois
  • Le résultat moyen est 121 sur 156
Statistiques - réponses
Réponse % Correct
aimer
97%
Aimer
97%
Aimer,
97%
ce
97%
C'est
95%
c'est
95%
jusqu'à
95%
l'impossible
95%
possible
95%
de
92%
le
89%
que
89%
se
89%
dire
87%
la
87%
les
87%
en
84%
ma
84%
m'a
84%
Au
79%
au
79%
sa
79%
un
79%
Comme
76%
Et
76%
J'ai
76%
j'ai
76%
Mais
76%
qui
76%
vie
76%
pouvoir
74%
amour
71%
Cet
71%
couleur
71%
d'un
71%
fil
71%
l'enfer
71%
pu
71%
sauvée
71%
homme
68%
invincible
68%
puis
68%
Quand
68%
sous
68%
tout
68%
connu
66%
d'amour
66%
histoire
66%
J'aurais
66%
J'n'ai
66%
promis
66%
qu'une
66%
s'est
66%
toujours
66%
châteaux
63%
cheval
63%
enfui
63%
Espagne,
63%
fou
63%
jalousie
63%
mon
63%
bâti
61%
criminel
61%
flammes
61%
mensonges
61%
part
61%
sans
61%
vu
61%
colère
58%
diable
58%
mes
58%
salissent
58%
âme
55%
Disparaître
55%
douleur
55%
étincelles
55%
vendre
55%
D'aimer
53%
sur
53%
Bible,
50%
égale
50%
jurer
47%
sombrer
45%
malgré
34%
l'imprévisible
32%
l'inadmissible,
29%
d'une
21%
Aucun quiz correspondant
Distribution des résultats
% des personnes avec chaque résultat
Percentile par nombre de réponses
Votre historique - résultats
Vous n’avez pas pris ce quiz